[Event "GER-chB Seniors 26th"]
[Site "Bad Neuenahr"]
[Date "2014.08.11"]
[Round "7"]
[White "Bendisch, Juergen"]
[Black "Fassmann, Kurt"]
[Result "1/2-1/2"]
[WhiteElo "1916"]
[BlackElo "2020"]
[PlyCount "44"]
[EventDate "2014.08.05"]
[EventType "swiss"]
[EventRounds "9"]
[EventCountry "GER"]
[SourceTitle "EXT 2018"]
[Source "ChessBase"]
[SourceDate "2017.10.13"]
[SourceVersion "1"]
[SourceVersionDate "2017.10.13"]
[SourceQuality "1"]

1. d4 Nf6 2. c4 e6 3. a3 g6 4. Nf3 Bg7 5. Nc3 d5 6. Bf4 c6 7. cxd5 exd5 8. h3 0-0 9. e3 Re8 10. Be2 Nbd7 11. 0-0 Nf8 12. Qc2 Ne6 13. Be5 Qe7 14. Rfe1 Qf8 15. Rad1 Nh5 16. Bxg7 Nhxg7 17. Ne5 f5 18. f4 Qe7 19. Bf3 Rd8 20. Qf2 Nf8 21. g3 Be6 22. Kg2 Nd7 1/2-1/2

[Event "GER-chB Seniors 26th"]
[Site "Bad Neuenahr"]
[Date "2014.08.09"]
[Round "5"]
[White "Riegler, Markus"]
[Black "Fassmann, Kurt"]
[Result "0-1"]
[WhiteElo "1804"]
[BlackElo "2020"]
[PlyCount "78"]
[EventDate "2014.08.05"]
[EventType "swiss"]
[EventRounds "9"]
[EventCountry "GER"]
[SourceTitle "EXT 2018"]
[Source "ChessBase"]
[SourceDate "2017.10.13"]
[SourceVersion "1"]
[SourceVersionDate "2017.10.13"]
[SourceQuality "1"]

1. c4 c5 2. g3 Nc6 3. Nc3 g6 4. Nf3 Bg7 5. d3 Nf6 6. Bg5 h6 7. Bxf6 exf6 8. Bg2 0-0 9. 0-0 d6 10. Rc1 f5 11. e3 Be6 12. Nd2 Rb8 13. a4 Nb4 14. Ndb1 a6 15. Qe2 Re8 16. Rfd1 Qc8 17. Nd2 Bd7 18. b3 Bc6 19. Bxc6 Nxc6 20. Ndb1 Qe6 21. Rd2 Re7 22. Qf3 g5 23. h3 g4 24. Qg2 h5 25. Ne2 Bh6 26. Nf4 Bxf4 27. gxf4 Qg6 28. h4 Qf6 29. Qh1 Kh7 30. Nc3 g3 31. e4 gxf2+ 32. Kf1 Rg8 33. Kxf2 Qd4+ 34. Ke2 Rg3 35. Nd1 fxe4 36. Nf2 exd3+ 37. Kd1 Qxf4 38. Rc3 Qf3+ 39. Qxf3 Rg1# 0-1

[Event "Wuerttemberg-ch Seniors op 26th"]
[Site "Freudenstadt"]
[Date "2014.07.23"]
[Round "8"]
[White "Fassmann, Kurt"]
[Black "Micheel, Peter"]
[Result "1/2-1/2"]
[WhiteElo "2020"]
[BlackElo "1901"]
[PlyCount "50"]
[EventDate "2014.07.16"]
[EventType "swiss"]
[EventRounds "9"]
[EventCountry "GER"]
[SourceTitle "EXT 2019"]
[Source "ChessBase"]
[SourceDate "2018.10.10"]
[SourceVersion "1"]
[SourceVersionDate "2018.10.10"]
[SourceQuality "1"]

1. d4 Nf6 2. Nf3 d5 3. c4 e6 4. Bg5 Be7 5. e3 0-0 6. Be2 b6 7. Bxf6 Bxf6 8. cxd5 exd5 9. Nc3 Bb7 10. 0-0 c5 11. Qd2 cxd4 12. Nxd4 Nd7 13. Rfd1 Ne5 14. Bd3 g6 15. Rac1 Nc4 16. Qc2 Bxd4 17. exd4 Rc8 18. Qb1 Qg5 19. Rc2 a6 20. Bf1 Rfe8 21. Qc1 Qxc1 22. Rdxc1 Nd6 23. Ne2 Rxc2 24. Rxc2 Rc8 25. Rxc8+ Nxc8 1/2-1/2

[Event "Wuerttemberg-ch Seniors op 26th"]
[Site "Freudenstadt"]
[Date "2014.07.22"]
[Round "7"]
[White "Woelbl, Josef"]
[Black "Fassmann, Kurt"]
[Result "1/2-1/2"]
[WhiteElo "1862"]
[BlackElo "2020"]
[PlyCount "103"]
[EventDate "2014.07.16"]
[EventType "swiss"]
[EventRounds "9"]
[EventCountry "GER"]
[SourceTitle "EXT 2019"]
[Source "ChessBase"]
[SourceDate "2018.10.10"]
[SourceVersion "1"]
[SourceVersionDate "2018.10.10"]
[SourceQuality "1"]

1. d4 d5 2. c4 e6 3. Nc3 c6 4. e3 Nf6 5. Bd2 Nbd7 6. Nf3 Bd6 7. Bd3 0-0 8. 0-0 b6 9. Rc1 Bb7 10. Qe2 c5 11. cxd5 exd5 12. Ba6 Bc6 13. b3 Ne4 14. Bb5 Bb7 15. Ba6 Bc6 16. Bb5 Qc7 17. Bxc6 Qxc6 18. Rfd1 Ndf6 19. dxc5 bxc5 20. Be1 Rfd8 21. Nxe4 Nxe4 22. h3 Bc7 23. Rd3 Rd6 24. Nd4 Qd7 25. Nf3 Rg6 26. Kh1 Rd8 27. Rcd1 Rd6 28. Ne5 Qf5 29. Nf3 g5 30. Nh2 Qe6 31. Qg4 f5 32. Qh5 Qe5 33. Nf3 Qg7 34. Nd2 Rh6 35. Qf3 Qe5 36. g3 Rxh3+ 37. Kg2 Rh6 38. Nc4 Qe6 39. Qe2 Qf7 40. Nd2 Nf6 41. Nf1 g4 42. f3 Qh5 43. Bc3 gxf3+ 44. Qxf3 Ng4 45. Kg1 d4 46. exd4 Bb6 47. dxc5 Bxc5+ 48. Bd4 Ne5 49. Qxh5 Rxh5 50. Bxc5 Rxd3 51. Rxd3 Nxd3 52. Bxa7 1/2-1/2

[Event "Wuerttemberg-ch Seniors op 25th"]
[Site "Freudenstadt"]
[Date "2013.07.06"]
[Round "5"]
[White "Szenetra, Werner"]
[Black "Fassmann, Kurt"]
[Result "1-0"]
[WhiteElo "2186"]
[BlackElo "2023"]
[PlyCount "107"]
[EventDate "2013.07.06"]
[EventType "swiss"]
[EventRounds "9"]
[EventCountry "GER"]
[SourceTitle "EXT 2019"]
[Source "ChessBase"]
[SourceDate "2018.10.10"]
[SourceVersion "1"]
[SourceVersionDate "2018.10.10"]
[SourceQuality "1"]

1. Nf3 d5 2. g3 Nf6 3. Bg2 c6 4. 0-0 Bf5 5. d3 h6 6. Nbd2 e6 7. Qe1 Be7 8. Ne5 Nbd7 9. Nxd7 Nxd7 10. e4 Bh7 11. f4 0-0 12. Kh1 dxe4 13. dxe4 Nf6 14. Qe2 Qc7 15. a3 Rad8 16. b4 Rd7 17. e5 Nd5 18. Ne4 b5 19. c4 bxc4 20. Qxc4 Nb6 21. Qe2 Rfd8 22. Be3 Nd5 23. Bg1 a5 24. Nc5 Bxc5 25. Bxc5 axb4 26. axb4 Nc3 27. Qc4 Nb5 28. Be4 Bxe4+ 29. Qxe4 Rd5 30. Kg2 Qd7 31. Ra6 Nc3 32. Qf3 Nb5 33. Rc1 Rc8 34. Bf2 Qe7 35. Qe4 g5 36. Raxc6 Rxc6 37. Rxc6 gxf4 38. gxf4 Qd7 39. Rb6 Rd2 40. Rb8+ Kg7 41. Qf3 Qd5 42. Qxd5 Rxd5 43. Kf3 Nc3 44. Kg4 Rd3 45. b5 Ne4 46. Bg3 Kg6 47. b6 Kg7 48. b7 Rb3 49. Bh4 Kh7 50. f5 Rb4 51. fxe6 fxe6 52. Kh5 Rb5 53. Re8 Rxe5+ 54. Kg4 1-0

[Event "GER-ch Seniors"]
[Site "Dresden"]
[Date "2012.08.16"]
[Round "8"]
[White "Neumann, Joachim"]
[Black "Fassmann, Kurt"]
[Result "1-0"]
[WhiteElo "2084"]
[BlackElo "2018"]
[PlyCount "62"]
[EventDate "2012.08.09"]
[EventType "swiss"]
[EventRounds "9"]
[EventCountry "GER"]
[SourceTitle "EXT 2014"]
[Source "ChessBase"]
[SourceDate "2013.11.20"]
[SourceVersion "1"]
[SourceVersionDate "2013.11.20"]
[SourceQuality "1"]

1. c4 c5 2. Nc3 Nc6 3. g3 d6 4. Bg2 g6 5. Nf3 Bg7 6. a3 Rb8 7. 0-0 Bd7 8. h3 e5 9. d3 h6 10. Bd2 Nge7 11. b4 b6 12. Kh2 Nd4 13. Nxd4 exd4 14. Ne4 Bf5 15. Bf4 Bxe4 16. Bxe4 Be5 17. Bxe5 dxe5 18. Qa4+ Qd7 19. Qxd7+ Kxd7 20. b5 f5 21. Bg2 Kd6 22. a4 Rh7 23. a5 Nc8 24. Ra2 Re7 25. f4 e4 26. dxe4 fxe4 27. f5 gxf5 28. Rxf5 Kc7 29. axb6+ axb6 30. Rf6 Kd8 31. Rxb6 Kd7 1-0

[Event "GER-ch Seniors"]
[Site "Dresden"]
[Date "2012.08.14"]
[Round "6"]
[White "Hobusch, Werner"]
[Black "Fassmann, Kurt"]
[Result "1/2-1/2"]
[WhiteElo "2161"]
[BlackElo "2018"]
[PlyCount "94"]
[EventDate "2012.08.09"]
[EventType "swiss"]
[EventRounds "9"]
[EventCountry "GER"]
[SourceTitle "EXT 2014"]
[Source "ChessBase"]
[SourceDate "2013.11.20"]
[SourceVersion "1"]
[SourceVersionDate "2013.11.20"]
[SourceQuality "1"]

1. e4 c5 2. Nf3 a6 3. d4 cxd4 4. Nxd4 Nf6 5. Bd3 e5 6. Nb3 Be7 7. 0-0 0-0 8. c4 d6 9. Nc3 Nc6 10. h3 Be6 11. Be3 Nb4 12. Nd5 Nxd3 13. Nxe7+ Qxe7 14. Qxd3 Qc7 15. Rac1 Rac8 16. Nd2 Qc6 17. b3 Nh5 18. g4 Nf6 19. Bg5 Nd7 20. Be7 Nc5 21. Qxd6 Qxd6 22. Bxd6 Rfd8 23. Bxc5 Rxd2 24. Rfd1 Rcd8 25. Rxd2 Rxd2 26. Ra1 h5 27. f3 hxg4 28. hxg4 Kh7 29. Bf2 Kg6 30. Kf1 Rc2 31. Kg2 a5 32. c5 f6 33. Kg3 Kf7 34. Be3 Bc8 35. Rd1 Ke7 36. Rd2 Rc3 37. Kf2 Bd7 38. Rb2 Bb5 39. g5 Kf7 40. gxf6 gxf6 41. Rd2 Kg6 42. Rb2 f5 43. exf5+ Kxf5 44. a4 Ba6 45. b4 axb4 46. Rxb4 Rc4 47. Rxc4 Bxc4 1/2-1/2

[Event "GER-ch Seniors 23rd"]
[Site "Halle"]
[Date "2011.08.12"]
[Round "8"]
[White "Fassmann, Kurt"]
[Black "Rudolph, Juergen"]
[Result "1/2-1/2"]
[WhiteElo "2055"]
[BlackElo "1813"]
[PlyCount "44"]
[EventDate "2011.08.05"]
[EventType "swiss"]
[EventRounds "9"]
[EventCountry "GER"]
[SourceTitle "CBM 144 Extra"]
[Source "ChessBase"]
[SourceDate "2011.10.28"]
[SourceVersion "1"]
[SourceVersionDate "2011.10.28"]
[SourceQuality "1"]

1. d4 e6 2. Nf3 b6 3. g3 Bb7 4. Bg2 Nf6 5. 0-0 c5 6. c3 cxd4 7. cxd4 Be7 8. Nc3 0-0 9. Re1 Ne4 10. Qd3 Nxc3 11. bxc3 d5 12. Bf4 Nd7 13. h4 Nf6 14. Ng5 h6 15. Nf3 Rc8 16. Rac1 Ne4 17. Ne5 Qe8 18. f3 Nf6 19. Kh2 Nd7 20. Ng4 f5 21. Ne5 Nxe5 22. Bxe5 Bf6 1/2-1/2

[Event "GER-ch Seniors 22nd"]
[Site "Berlin"]
[Date "2010.08.23"]
[Round "8"]
[White "Brauer, Christian E"]
[Black "Fassmann, Kurt"]
[Result "1-0"]
[WhiteElo "1994"]
[BlackElo "1826"]
[PlyCount "97"]
[EventDate "2010.08.16"]
[EventType "swiss"]
[EventRounds "9"]
[EventCountry "GER"]
[SourceTitle "CBM 138 Extra"]
[Source "ChessBase"]
[SourceDate "2010.10.29"]
[SourceVersion "1"]
[SourceVersionDate "2010.10.29"]
[SourceQuality "1"]

1. c4 Nf6 2. g3 c5 3. Bg2 Nc6 4. Nc3 g6 5. e4 Bg7 6. Nge2 0-0 7. 0-0 d6 8. d3 Rb8 9. h3 Bd7 10. f4 a6 11. a4 Qb6 12. g4 e6 13. Qe1 Nd4 14. Nxd4 cxd4 15. Ne2 a5 16. Qd1 Ne8 17. f5 e5 18. b3 Kh8 19. Ng3 f6 20. fxg6 hxg6 21. Bd2 Nc7 22. Ne2 Ne6 23. Nc1 g5 24. Qe1 Bh6 25. Bxa5 Qc6 26. Bd2 Ra8 27. b4 b6 28. b5 Qc8 29. a5 bxa5 30. Rxa5 Rxa5 31. Bxa5 Nf4 32. Bd2 Qa8 33. Bxf4 gxf4 34. Qb4 Qb8 35. Nb3 Rg8 36. Bf3 Bf8 37. Qa5 Be7 38. Ra1 f5 39. Kf2 fxg4 40. hxg4 Bh4+ 41. Ke2 Bxg4 42. Bxg4 Rxg4 43. Qa8 Rg2+ 44. Kd1 Qxa8 45. Rxa8+ Kg7 46. b6 f3 47. b7 Rg1+ 48. Kc2 f2 49. Nd2 1-0

[Event "GER-ch Seniors-A 20th"]
[Site "Erfurt"]
[Date "2008.08.07"]
[Round "3"]
[White "Kreutzkamp, Hans Rudolf"]
[Black "Fassmann, Kurt"]
[Result "1-0"]
[WhiteElo "2116"]
[BlackElo "1863"]
[PlyCount "51"]
[EventDate "2008.08.05"]
[EventType "swiss"]
[EventRounds "9"]
[EventCountry "GER"]
[SourceTitle "CBM 126 Extra"]
[Source "ChessBase"]
[SourceDate "2008.11.05"]
[SourceVersion "1"]
[SourceVersionDate "2008.11.05"]
[SourceQuality "1"]

1. e4 Nf6 2. e5 Nd5 3. d4 d6 4. f4 dxe5 5. fxe5 e6 6. Nf3 Be7 7. c3 c5 8. Bd3 cxd4 9. cxd4 Nc6 10. Nc3 Bh4+ 11. g3 Be7 12. 0-0 Nxc3 13. bxc3 0-0 14. Qe2 f5 15. exf6 gxf6 16. Bh6 Rf7 17. Bc4 Qd7 18. Rad1 Na5 19. Bb5 Qc7 20. Be8 Rg7 21. Bxg7 Kxg7 22. Qd3 Qc4 23. Qc2 Kf8 24. Ne5 Qd5 25. Qxh7 Kxe8 26. Qg8+ 1-0

[Event "GER-ch Seniors-A 20th"]
[Site "Erfurt"]
[Date "2008.08.06"]
[Round "2"]
[White "Fassmann, Kurt"]
[Black "Kuehn, Peter1111"]
[Result "1-0"]
[WhiteElo "1863"]
[BlackElo "1913"]
[PlyCount "95"]
[EventDate "2008.08.05"]
[EventType "swiss"]
[EventRounds "9"]
[EventCountry "GER"]
[SourceTitle "CBM 126 Extra"]
[Source "ChessBase"]
[SourceDate "2008.11.05"]
[SourceVersion "1"]
[SourceVersionDate "2008.11.05"]
[SourceQuality "1"]

1. Nf3 f5 2. d4 Nf6 3. c4 e6 4. Nc3 Be7 5. Bg5 0-0 6. e3 b6 7. Be2 Bb7 8. 0-0 d6 9. b4 a5 10. a3 Nbd7 11. Qb3 Kh8 12. Rfd1 Ne4 13. Bxe7 Qxe7 14. Nxe4 fxe4 15. Nd2 Qf6 16. f3 exf3 17. Bxf3 Bxf3 18. Nxf3 e5 19. dxe5 Nxe5 20. Nxe5 Qf2+ 21. Kh1 dxe5 22. h3 Qg3 23. Rf1 Rf2 24. Rxf2 Qxf2 25. bxa5 Rxa5 26. Rd1 Ra8 27. Rd7 Rf8 28. Qd3 Qh4 29. Rxc7 Rd8 30. Rd7 Rf8 31. Qd6 Rf1+ 32. Kh2 h6 33. Qxe5 Rf6 34. Rd4 Qe1 35. Rd8+ Kh7 36. Qe4+ Rg6 37. Rh8+ Kxh8 38. Qxg6 Qxe3 39. Qd6 Kh7 40. a4 h5 41. Qd5 Kh6 42. Qd6+ Kh7 43. a5 bxa5 44. c5 a4 45. c6 a3 46. c7 a2 47. c8Q a1Q 48. Qf5+ 1-0

[Event "Staufer Seniors op 13th"]
[Site "Schwaebisch Gmuend"]
[Date "2008.01.05"]
[Round "7"]
[White "Bofinger, Juergen"]
[Black "Fassmann, Kurt"]
[Result "1-0"]
[WhiteElo "1948"]
[BlackElo "2059"]
[PlyCount "101"]
[EventDate "2008.01.02"]
[EventType "swiss"]
[EventRounds "9"]
[EventCountry "GER"]
[SourceTitle "CBM 122 Extra"]
[Source "ChessBase"]
[SourceDate "2008.03.04"]
[SourceVersion "1"]
[SourceVersionDate "2008.03.04"]
[SourceQuality "1"]

1. d4 Nf6 2. c4 e5 3. dxe5 Ng4 4. Nf3 Nc6 5. e3 Ngxe5 6. Nxe5 Nxe5 7. Be2 Bb4+ 8. Bd2 Bxd2+ 9. Nxd2 0-0 10. 0-0 d6 11. Nf3 Qf6 12. Nxe5 dxe5 13. Qc2 Be6 14. Rfd1 Rfd8 15. Qb3 b6 16. Rxd8+ Rxd8 17. Rd1 h6 18. Qc3 Rxd1+ 19. Bxd1 Qg5 20. Be2 h5 21. Qc2 f5 22. Qa4 Bf7 23. Qd7 h4 24. Qxc7 f4 25. exf4 Qxf4 26. Qd8+ Kh7 27. b3 Bg6 28. g3 hxg3 29. hxg3 Qc1+ 30. Kg2 Be4+ 31. Bf3 Bxf3+ 32. Kxf3 Qb2 33. Qd3+ Kg8 34. Qe2 Qa1 35. a4 Kf7 36. Kg2 Qd4 37. Qh5+ Ke6 38. Qg6+ Kd7 39. Qxg7+ Kc6 40. Qf6+ Kb7 41. Qf7+ Kb8 42. Qd5 Qc3 43. Qd8+ Kb7 44. Qd5+ Kb8 45. Qf3 Qd4 46. g4 Kc7 47. g5 e4 48. Qf7+ Kb8 49. g6 Qe5 50. Qd5 Qf4 51. Qg8+ 1-0

[Event "GER-ch Seniors Gp-A 19th"]
[Site "Templin"]
[Date "2007.08.31"]
[Round "9"]
[White "Ophoff, Rigobert"]
[Black "Fassmann, Kurt"]
[Result "1/2-1/2"]
[WhiteElo "1862"]
[BlackElo "1843"]
[PlyCount "47"]
[EventDate "2007.08.23"]
[EventType "swiss"]
[EventRounds "9"]
[EventCountry "GER"]
[SourceTitle "EXT 2022"]
[Source "ChessBase"]
[SourceDate "2021.10.06"]
[SourceVersion "1"]
[SourceVersionDate "2021.10.06"]
[SourceQuality "1"]

1. e4 d6 2. d4 Nf6 3. Nc3 c6 4. a4 g6 5. Be2 Bg7 6. h3 0-0 7. Be3 e5 8. Nf3 Qc7 9. Qd2 Re8 10. dxe5 dxe5 11. Rd1 Nbd7 12. 0-0 Nf8 13. Qd6 Qxd6 14. Rxd6 Nh5 15. Rfd1 Nf4 16. Bf1 N8e6 17. g3 Nh5 18. R6d2 Kf8 19. Ng5 Nxg5 20. Bxg5 Be6 21. Be3 Bf6 22. Kg2 g5 23. Be2 Ng7 24. Bg4 1/2-1/2

[Event "GER-ch Seniors Gp-A 19th"]
[Site "Templin"]
[Date "2007.08.28"]
[Round "6"]
[White "Fassmann, Kurt"]
[Black "Papa, Heiner"]
[Result "1-0"]
[WhiteElo "1843"]
[BlackElo "1836"]
[PlyCount "22"]
[EventDate "2007.08.23"]
[EventType "swiss"]
[EventRounds "9"]
[EventCountry "GER"]
[SourceTitle "EXT 2022"]
[Source "ChessBase"]
[SourceDate "2021.10.06"]
[SourceVersion "1"]
[SourceVersionDate "2021.10.06"]
[SourceQuality "1"]

1. d4 Nf6 2. Nf3 g6 3. Bf4 Bg7 4. e3 0-0 5. h3 c5 6. c3 Qb6 7. Qc1 d6 8. Be2 Nc6 9. 0-0 Re8 10. Na3 e5 11. dxe5 dxe5 1-0